Yön kappaleita lyriikoiden mukaan - Statistics

Yleistilastot
  • Tätä visaa on pelattu 54 kertaa
  • Keskiarvotulos 7 / 15
Vastaustilastot
Sanat Kappale % Oikein
Taas lapset pihalla näät Ikkunas alla leikkivän leikkejään Taas siihen paikallesi ikkunaan jäät, siihen ikkunaan jäät Joutsenlaulu
91%
Hän aamukahvin vuoteeseen on tuonut rakkaalleen Valo taittuu ikkunasta onnen hetkeen jokaiseen Rakkaus on lumivalkoinen
91%
Jo poika kiskoo pojan unta vuoteessaan Ennen kuin loppuun iltasadun saan Mä istun hetken ja mietin maailmaa Ihmisen poika
74%
Monet laulut kertoo kuinka juodaan Kuinka perhe ulos potkitaan Monet laulut kertoo miten lyödään Ja kuinka rikkaudet kokoon haalitaan Laulu rakkaudelle
67%
Vanhan sillan luona taas, Poika rinnan tyttö lasta, Virran tahtoo ylittää, Koskeen kuohuvaan, Pettävällä jäällä
65%
On aamu Ja kaupunki vielä uinuu Kuu jossain mailleen painuu Yön usva hiljaa leijuu pois Vie mut minne vaan
63%
Kirjeesi alkoi niin julmasti: "Hei" Altani jalat se viikoksi vei Kuinka mun viereltä vois' hypätä pois? Tia-Maria
61%
Sinä hienon työsi tehneenä käyt nukkumaan Sinä hetken rauhoitut ja olet vaan Kaikki varmaan tahtoisi Et' joku työstään kiittäisi Vaan yksin jäät ja yksin unet näät Kiitos ja kunnia
57%
Kauan aikaa sitten annoit Hänelle huoneesi avaimen Yksinäisyyteesi päästit sisään uuden ihmisen Särkynyt enkeli
39%
Valvon taas ja päässäni Teen jo siirtoo seuraavaa Mietteitään ei vältellä voi Minne tuulet vie
24%
Näinä öinä mieli matkustaa Se kulkee missä tahtoo Mä päättää en saa polkujaan Särkyvää
22%
Tiedän että mua miettinyt oot tänään Sen oudon tunteen huomasin Kuin silloin kun äidit muistavat poikiaan Tie sydämeeni
11%
On ilta taas ja mä yksin kävelen Tämän puiston halki kerran kuljettiin Haaveita vain Eihän meillä silloin muuta ollutkaan Sano että jäät
9%
Vaiti on, hän pimeässä miettii tulevaa Niin voimaton on tuuli, joka purtta kuljettaa Oikee enkeli
2%
Katselin kun astelit tien päähän
Laskit laukun seisoit siinä vaan
Riisuit jaloistasi pölyttyneet kengät
Maasta sataa taivaaseen
0%
Ehtoja vastaavia visoja ei löytynyt
Tulosjakauma
Jokaisen tuloksen saaneiden osuus
Persentiili vastausten määrän mukaan
Tuloshistoriasi
Et ole pelannut tätä visaa